LEADER 00958nam a2200217 i 4500 001 000000184266 003 CaOOAMICUS 005 20091228000000.0 008 091228s1970 it u000 u ita u 013 $a162246 040 $aSeMil$bita 100 1 $aLunardi, Giovanni,$c.$0(OLS)http://semarc/name/29855 245 12$aL'ideale monastico :$bnelle polemiche del secolo 12. sulla vita religiosa /$cGiovanni Lunardi. 260 $aNoci :$bLa Scala,$c1970. 300 $a189 p., [1] c. di tav. ripieg. ;$c23 cm. 650 4$aVita religiosa.$0(OLS)http://semarc/subject/5429 650 4$aVita monastica - Spiritualitą.$0(OLS)http://semarc/subject/19154 850 $aSeMil 852 $aSeMil$W1$xVenegono$y1$m2S IV 226$j134962$B134962$CSeMilBibl$Z2$F146606 $81 996 $6245$aL'ideale monastico :$bnelle polemiche del secolo 12. sulla vita religiosa$9(OLS)http://semarc/title/264489 996 $6260$aNoci :$bLa Scala$9(OLS)http://semarc/publisher/33374 LEADER 01020naa a2200193 i 4500 001 000000307736 003 CaOOAMICUS 005 20180831172922.0 008 180831n it u000 u ita u 013 $a16583 040 $aSeMil$bita 100 1 $aColzani, Gianni,$d<1940- >.$0(OLS)http://semarc/name/3154 245 13$aIl problema di teologia delle religioni - salvezza, sacramenti e riti non cristiani. 650 4$aCristianesimo e religioni non cristiane.$0(OLS)http://semarc/subject/3360 650 4$aSacramenti - Teologia cattolica.$0(OLS)http://semarc/subject/113 650 4$aDialogo interreligioso.$0(OLS)http://semarc/subject/2257 650 4$aRiti religiosi.$0(OLS)http://semarc/subject/31928 773 0 $tUniversalitą della salvezza e mediazione sacramentale.$dAssisi : Cittadella, 2010.$kGestis verbisque / Istituto Teologico Marchigiano$z978-88-308-1025-9$gp.99-117$w()187013 996 $6245$aIl problema di teologia delle religioni - salvezza, sacramenti e riti non cristiani$9(OLS)http://semarc/title/383058